Interesting facts about countries - Statistics

General Stats
  • This quiz has been taken 109 times
  • The average score is 5 of 12
Answer Stats
Question Answer % Correct
The world's LARGEST country Russia
99%
Has the most LAKES in the world Canada
79%
The Longest land BORDER is in Brazil France
69%
Has the most PYRAMIDS in the world Sudan
59%
There's a village with no streets, only CANALS Netherlands
45%
Has the world's SPAREST population Mongolia
43%
VODKA originated in Poland
41%
The world's OLDEST country San marino
37%
The CELANEST country in the world Denmark
26%
The birthplace of WINE Georgia
17%
The most perfect HEART-SHAPED island Croatia
15%
Going to prison for CHEATING during an exam Bangladesh
10%
No matching quizzes found
Score Distribution
Percent of People with Each Score
Percentile by Number Answered
Your Score History
You have not taken this quiz